| 000 | 00941nam a2200205Ia 4500 | ||
|---|---|---|---|
| 999 |
_c44407 _d44407 |
||
| 001 | 11173 | ||
| 003 | GE_BSU | ||
| 005 | 20251226151056.0 | ||
| 008 | 181216s1984||||ge |||||||||||||| ||geo|| | ||
| 040 | _cGE_BSU | ||
| 041 | _ageo | ||
| 080 | _a579(075.8) წ-56 | ||
| 100 |
_aწილოსანი გ. _926609 |
||
| 245 |
_aმიკრობიოლოგია _bსახელმძღვ. ბიოლოგიის ფაკულტეტის სტუდენტებისათვის / _cგ.წილოსანი, რედ. გ. კაციტაძე |
||
| 264 |
_aთბილისი: _bთბილისის უნ–ტის გამ–ბა, _c1984. |
||
| 300 |
_a546 გვ.: _bილ;საძიებელი გვ.541-544. _c.22 სმ. |
||
| 653 | _aმიკრობიოლოგია | ||
| 700 |
_aკაციტაძე, გ. _eრედაქტორი _926619 |
||
| 942 |
_cBK _2udc |
||